LEADER 01113nam a2200253 i 4500 001 000000222263 003 CaOOAMICUS 005 20220203113904.0 008 130906s1760 gw u000 u fre u 013 $a201160 026 $ar-er e.re 7.9. gep. (3) 1760 (R) 040 $aSeMil$bita 100 1 $aMoser, Friedrich Karl : von,$d<1723-1798>.$0(OLS)http://semarc/name/77665 245 12$aL'idée du prince et de son ministre tracée, avec la liberté d'un patriote. 260 $aFrancfort et Leipsic :$bChez Knoch et Eslinger,$c1760. 300 $a[8], 400, [24] p. ;$c8º. 500 $aIl nome dell'autore dalla pref. 500 $aSegn.: *4 A-2C8 2D4 700 1 $aKnoch & Esslinger,$c.$0(OLS)http://semarc/name/13277 850 $aSeMil 852 $aSeMil$W1$xVenegono$y1$m2Q II 110 FA$j172609$B172609$CSeMilBibl$Z2$F182977 $8I 996 $6245$aL'idée du prince et de son ministre tracée, avec la liberté d'un patriote$9(OLS)http://semarc/title/318580 996 $6260$aFrancfort et Leipsic :$bChez Knoch et Eslinger$9(OLS)http://semarc/publisher/53254 LEADER 01136nam a2200241 i 4500 001 000000041700 003 CaOOAMICUS 005 20100326000000.0 008 100326s1967 it u000 u ita u 013 $a12870 040 $aSeMil$bita 100 1 $aGiustiniani, Lorenzo,$c.$0(OLS)http://semarc/name/10349 245 10$aDisciplina e perfezione della vita monastica /$cSan Lorenzo Giustiniani ; traduzione e introduzione di Attilio Costantini ; presentazione del card. Giovanni Urbani Patriarca di Venezia. 260 $aRoma :$bCittà Nuova,$ccopyr. 1967. 300 $aXL, 234 p. ;$c22 cm. 650 4$aMonachesimo.$0(OLS)http://semarc/subject/4553 700 1 $aUrbani, Giovanni .$0(OLS)http://semarc/name/20554 700 1 $aCostantini, Attilio,$d<1923?-2006>.$0(OLS)http://semarc/name/20553 850 $aSeMil 852 $aSeMil$W1$xVenegono$y1$m2T III 53$j7855$B7855$CSeMilBibl$Z2$F7855 $81 961 $aOmaggio: Donazione 996 $6245$aDisciplina e perfezione della vita monastica$9(OLS)http://semarc/title/60495 996 $6260$aRoma :$bCittà Nuova$9(OLS)http://semarc/publisher/29609